<?xml version="1.0" encoding="UTF-8"?>
<record
    xmlns:xsi="http://www.w3.org/2001/XMLSchema-instance"
    xsi:schemaLocation="http://www.loc.gov/MARC21/slim http://www.loc.gov/standards/marcxml/schema/MARC21slim.xsd"
    xmlns="http://www.loc.gov/MARC21/slim">

  <leader>00313nam a2200133Ia 4500</leader>
  <datafield tag="100" ind1=" " ind2=" ">
    <subfield code="a">Braun/ Dietrich </subfield>
  </datafield>
  <datafield tag="942" ind1=" " ind2=" ">
    <subfield code="c">BK</subfield>
  </datafield>
  <datafield tag="654" ind1=" " ind2=" ">
    <subfield code="a">Plastics</subfield>
  </datafield>
  <datafield tag="245" ind1=" " ind2=" ">
    <subfield code="a">Simple methods for identification of plastics</subfield>
  </datafield>
  <datafield tag="260" ind1=" " ind2=" ">
    <subfield code="b">Hanser publishers</subfield>
    <subfield code="a">Munich</subfield>
    <subfield code="c">1986</subfield>
  </datafield>
  <datafield tag="082" ind1=" " ind2=" ">
    <subfield code="a">668.4</subfield>
    <subfield code="b">BRA</subfield>
  </datafield>
  <datafield tag="300" ind1=" " ind2=" ">
    <subfield code="a">110</subfield>
  </datafield>
  <datafield tag="546" ind1=" " ind2=" ">
    <subfield code="a">ENGLISH</subfield>
  </datafield>
  <datafield tag="999" ind1=" " ind2=" ">
    <subfield code="c">19797</subfield>
    <subfield code="d">19797</subfield>
  </datafield>
  <datafield tag="952" ind1=" " ind2=" ">
    <subfield code="0">0</subfield>
    <subfield code="1">0</subfield>
    <subfield code="4">0</subfield>
    <subfield code="7">0</subfield>
    <subfield code="8">CRC</subfield>
    <subfield code="a">CRCE</subfield>
    <subfield code="b">CRCE</subfield>
    <subfield code="c">1448 | 61</subfield>
    <subfield code="d">2023-03-17</subfield>
    <subfield code="e">Book World</subfield>
    <subfield code="g">396.00</subfield>
    <subfield code="i">093 dt 16.08.1990</subfield>
    <subfield code="l">0</subfield>
    <subfield code="o">668.4 BRA</subfield>
    <subfield code="p">2910</subfield>
    <subfield code="r">2023-03-17</subfield>
    <subfield code="v">396.00</subfield>
    <subfield code="w">1990-08-16</subfield>
    <subfield code="y">BK</subfield>
  </datafield>
</record>
